Návrh regulačného zdroja pre napájanie VN skúšobného transformátora

Enregistré dans:
Détails bibliographiques
Auteur principal: Kišeľa, Ján (Auteur)
Autres auteurs: Pípa, Marek (Directeur de thèse)
Format: Manuscrit Livre
Langue:slovaque
Publié: 2017
Sujets:
Accès en ligne:http://is.stuba.sk/zp/portal_zp.pl?podrobnosti=131277
Tags: Ajouter un tag
Pas de tags, Soyez le premier à ajouter un tag!

MARC

LEADER 00000ntm a22000003a 4500
001 stuzp57311
003 SK-STU
005 20170703095244.5
007 ta
008 150427s2015----xo-----f-mn---000-0-slo-d
040 |a STU  |b slo 
041 0 |a slo 
044 |a xo 
100 1 |a Kišeľa, Ján  |u 032000  |4 aut  |U FEI Fakulta elektrotechniky a informatiky  |T FEI Ústav elektroenergetiky a aplikovanej elektrotechniky  |X 47621  |U E020  |Y 548  |7 47621 
242 0 1 |a Design of a regulation power supply for HV test transformer  |y eng 
245 1 0 |a Návrh regulačného zdroja pre napájanie VN skúšobného transformátora 
260 |c 2017 
300 |a 100 s. 
650 4 |a VN transformátor  |2 slo 
650 4 |a elektronický zdroj  |2 slo 
650 4 |a zosilňovač  |2 slo 
650 4 |a regulačný zdroj  |2 slo 
650 4 |a výkonový elektronika  |2 slo 
650 4 |a electronic source  |2 eng 
650 4 |a amplifier  |2 eng 
650 4 |a power regulator  |2 eng 
650 4 |a HV transformer  |2 eng 
650 4 |a power electronics  |2 eng 
700 1 |a Pípa, Marek  |u 032000  |k Z1  |4 ths  |U FEI Fakulta elektrotechniky a informatiky  |T FEI Ústav elektroenergetiky a aplikovanej elektrotechniky  |X 2666  |U E020  |Y 548  |7 A000002666 
856 4 |u http://is.stuba.sk/zp/portal_zp.pl?podrobnosti=131277 
996 |b 284EP11698  |c E*DIPL- 11698  |l EE32  |s P  |a 0  |w stuzp57311_0001